El ángel del espejo y otros relatos /
Salvato in:
| Autore principale: | |
|---|---|
| Altri autori: | |
| Natura: | Libro |
| Lingua: | Spanish |
| Pubblicazione: |
Venezuela
Biblioteca Ayacucho
1977
|
| Serie: | Biblioteca Ayacucho
16 |
| Soggetti: | |
| Tags: |
Aggiungi Tag
Nessun Tag, puoi essere il primo ad aggiungerne!!
|
MARC
| LEADER | 00000nam a22000007a 4500 | ||
|---|---|---|---|
| 007 | ta | ||
| 008 | 131127s1977 ve ||||g |||| 00| 1 spa d | ||
| 040 | |a cru CIICLA Universidad de Costa Rica | ||
| 082 | |a ES863.4 |b S161a | ||
| 100 | 1 | |9 85 |a Salarrué |d 1899-1975 |e seudónimo | |
| 245 | 1 | 3 | |a El ángel del espejo |c Slarrué ; prólogo, selección y cronología Sergio Ramírez |b y otros relatos / |
| 260 | |a Venezuela |b Biblioteca Ayacucho |c 1977 | ||
| 300 | |a 357 páginas | ||
| 490 | 0 | |a Biblioteca Ayacucho |v 16 | |
| 650 | |9 33 |a LITERATURA SALVADOREÑA |x CUENTOS | ||
| 700 | 1 | 2 | |9 44 |a Ramírez Mercado, Sergio |d 1942 |e prólogo |
| 942 | |2 ddc |c BK | ||
| 999 | |c 2602 |d 2602 | ||
